Cellular and molecular renewal in the mammalian body
Uloženo v:
| Hlavní autor: | |
|---|---|
| Další autoři: | |
| Médium: | Kniha |
| Jazyk: | angličtina |
| Vydáno: |
New York, USA
Academic Press
1971
|
| Edice: | Cell Biology: a Series of Monographs
|
| Témata: | |
| Tagy: |
Přidat tag
Žádné tagy, Buďte první, kdo vytvoří štítek k tomuto záznamu!
|
MARC
| LEADER | 00000nam a2200000 a 4500 | ||
|---|---|---|---|
| 001 | UCT5170 | ||
| 003 | CL-VaPUC | ||
| 005 | 20250226123241.0 | ||
| 008 | 961205e19710000US |||||||||||||||||eng|d | ||
| 999 | |c 254172 |d 254170 | ||
| 040 | |c Pontificia Universidad Católica de Valparaíso | ||
| 082 | 0 | 4 | |a 572.8 CAM 1971 |2 21 |
| 100 | 0 | |a Cameron, Ivan L |9 374479 | |
| 245 | 1 | 0 | |a Cellular and molecular renewal in the mammalian body |
| 260 | 0 | 3 | |a New York, USA |b Academic Press |c 1971 |
| 300 | |a 418 páginas | ||
| 490 | 0 | |a Cell Biology: a Series of Monographs | |
| 583 | |a last modification |c 19961205 00:00:00 |k Rodrigo Vera | ||
| 650 | 0 | |a Biología molecular |9 269677 | |
| 650 | 0 | |a Bioquímica |9 259492 | |
| 650 | 0 | |a Estructura molecular |9 306892 | |
| 650 | 7 | |a QUIMICA MOLECULAR |2 CL-VaPUC |9 360477 | |
| 650 | 7 | |a ENZIMOLOGIA |2 CL-VaPUC |9 263051 | |
| 650 | 7 | |a PROTEINAS |2 CL-VaPUC |9 374481 | |
| 650 | 0 | |a Citología |9 261432 | |
| 650 | 0 | |a Biología |9 262022 | |
| 650 | 0 | |a Organismos vivos |9 264556 | |
| 650 | 7 | |a MAMIFEROS |2 CL-VaPUC |9 266111 | |
| 700 | 0 | |a Thrasher, Jack D |9 374480 | |
| 942 | |c BK |2 ddc | ||
| 945 | |d 19961205 00:00:00 |a cmena | ||
| 952 | |0 0 |1 0 |2 ddc |4 0 |6 572_800000000000000_CAM_1971 |7 0 |8 A |9 275637 |a BIBCUR |b BIBCUR |d 2019-11-19 |i 1793241 |l 1 |o 572.8 CAM 1971 |p 1793241 |r 2025-04-22 |s 2025-03-24 |t 1 |w 2019-11-19 |y BK |k BIO | ||